000 01040nmm a2200301 a 4500
001 ocm0002347476
003 TR-IsHL
005 20201028184911.0
008 190518s2019 tu tur
007 cr cn
020 _a9786057879066
035 _a2347476
_b(N$T)
050 0 4 _aPR6052.A733
_bP7719 2019
090 0 4 _aPR6052.A733
_bP7719 2019
100 1 _aMascarenhas, Kate
245 1 0 _aZaman yolculuğunun psikolojisi
_h[electronic resource] /
_cKate Mascarenhas ; çeviren Teslime Gökgöl
250 _a1. Baskı
260 _aİstanbul :
_bSalon yayınları,
_c2019
300 _a335 p.
500 _aEserin özgün adı: The Psychology of Time Travel
650 4 _aDil ve Edebiyat
650 4 _aLanguage and Literature
650 0 _aİrlanda romanı
650 0 _aIreland fiction
650 7 _aLITERARY COLLECTIONS / European / English, Irish, Scottish, Welsh
_2bisacsh
700 1 _aGökgöl, Teslime
856 4 0 _uhttp://search.ebscohost.com/login.aspx?direct=true&scope=site&db=e011xww&AN=2347476
999 _c21216
_d21216